[Event "AUTO-OPEN-4632"]
[Site "http://www.queenalice.com/game.php?id=1867465"]
[Date "2025.12.29"]
[Round "1"]
[White "Mistakesrme"]
[Black "rmvwoods"]
[Result "1-0"]
[WhiteElo "1987"]
[BlackElo "2039"]

1. c4 e5 2. g3 Nf6 3. Bg2 Nc6 4. Nc3 Bc5 5. e3 O-O 6. Nge2 d6 7. O-O Bg4 8. h3
Be6 9. b3 Qd7 10. Kh2 Rab8 11. d4 exd4 12. exd4 Nxd4 13. Nxd4 Rfe8 14. Be3 a6
15. Nxe6 Bxe3 16. Nxg7 Kxg7 17. fxe3 Rxe3 18. Nd5 Nxd5 19. Bxd5 f6 20. Qh5 c6
21. Rxf6 Re2+ 22. Qxe2 Kxf6 23. Rf1+ Kg7 24. Rf7+ Qxf7 25. Bxf7 Kxf7 26. Qf3+
Ke7 27. Qe4+ Kf6 28. Qxh7 Ke5 29. Qe7+ Kf5 30. g4+ 1-0

[Event "AUTO-OPEN-4632"]
[Site "http://www.queenalice.com/game.php?id=1867466"]
[Date "2025.12.29"]
[Round "1"]
[White "rmvwoods"]
[Black "Mistakesrme"]
[Result "1-0"]
[WhiteElo "2034"]
[BlackElo "2005"]

1. e4 e6 2. d4 d5 3. e5 c5 4. c3 Qb6 5. Nf3 Nc6 6. Be2 cxd4 7. cxd4 Nh6 8. Bxh6
gxh6 9. Qb3 Nxd4 10. Nxd4 Qxd4 11. Bb5+ Kd8 12. O-O Qxe5 13. Nd2 Bd6 14. Nf3 Qf6
15. Rac1 Rg8 16. Qc3 Qg6 17. g3 a6 18. Bd3 f5 19. Ne5 Qg7 20. f4 h5 21. Nc6+
bxc6 22. Qxc6 Qd4+ 23. Kg2 Qa7 24. Qxd6+ Qd7 25. Qb6+ Ke8 26. Rc7 Qd8 27. Rfc1
Bd7 28. Bxa6 h4 29. Bb5 Bxb5 30. Qxe6+ 1-0

[Event "AUTO-MASTER-3292"]
[Site "http://www.queenalice.com/game.php?id=1867560"]
[Date "2026.1.7"]
[Round "1"]
[White "chessman"]
[Black "Mistakesrme"]
[Result "0-1"]
[WhiteElo "1997"]
[BlackElo "1970"]

1. e4 e6 2. d4 d5 3. e5 c5 4. c3 Qb6 5. f4 Nc6 6. Nf3 Nh6 7. Bd3 Bd7 8. Bc2 Rc8
9. O-O cxd4 10. cxd4 Nxd4 11. Nxd4 Bc5 12. Be3 Qxb2 13. Na3 Qxa3 14. Qd2 Ng4 15.
Bf2 Nxf2 0-1

[Event "AUTO-MASTER-3292"]
[Site "http://www.queenalice.com/game.php?id=1867561"]
[Date "2026.1.7"]
[Round "1"]
[White "Mistakesrme"]
[Black "chessman"]
[Result "1/2-1/2"]
[WhiteElo "2079"]
[BlackElo "1998"]

1. c4 c6 2. g3 d5 3. Nf3 Nf6 4. Bg2 e6 5. b3 dxc4 6. bxc4 Be7 7. O-O O-O 8. d4
Re8 9. Nc3 Nbd7 10. Bb2 Nf8 11. e4 Bd7 12. Qc2 h6 13. e5 N6h7 14. Ne4 f5 15. Nd6
Bxd6 16. exd6 Nf6 17. Ne5 Rc8 18. c5 Nd5 19. Bxd5 cxd5 20. f4 Bc6 21. Bc3 Nd7
22. Ng6 Nf6 23. Ne7+ Rxe7 24. dxe7 Qxe7 25. a4 Ne4 26. a5 a6 27. Rab1 g5 28. Be1
g4 29. Kg2 Qf6 30. Bc3 Kg7 31. Rh1 h5 32. Rbe1 h4 33. Re3 h3+ 34. Kf1 Qd8 35.
Ke2 Bb5+ 36. Kd1 Kf6 37. Bb4 Bc6 38. Ke2 Bb5+ 39. Kd1 Rc6 40. Rhe1 1/2-1/2

[Event "AUTO-MASTER-3292"]
[Site "http://www.queenalice.com/game.php?id=1867576"]
[Date "2026.1.7"]
[Round "1"]
[White "mvson33"]
[Black "Mistakesrme"]
[Result "0-1"]
[WhiteElo "1941"]
[BlackElo "2019"]

1. Nf3 e6 2. d4 b6 3. e3 Bb7 4. Be2 f5 5. O-O Nf6 6. b3 Be7 7. Bb2 O-O 8. c4 d6
9. Nc3 Ne4 10. d5 Nxc3 11. Bxc3 e5 12. Qc2 Na6 13. Rad1 Nc5 14. Bb4 a5 15. Bc3
Ne4 16. Nd2 Nxc3 17. Qxc3 Qe8 18. Nf3 g5 19. Nd2 Qg6 20. Nf3 g4 21. Nd2 Rf7 22.
Bd3 h5 23. Rfe1 Raf8 24. Nf1 Bf6 25. Qd2 e4 26. Bc2 Be5 27. Qc1 h4 28. Bb1 Rh7
29. Nd2 Bxh2+ 30. Kxh2 g3+ 31. Kg1 gxf2+ 32. Kxf2 Qg3+ 33. Kg1 h3 34. Re2 Rf6
35. Nf1 Qg4 36. Rde1 Rg6 37. Qc2 Qh4 38. Qd2 hxg2 39. Rxg2 Qh1+ 0-1

[Event "AUTO-MASTER-3292"]
[Site "http://www.queenalice.com/game.php?id=1867577"]
[Date "2026.1.7"]
[Round "1"]
[White "Mistakesrme"]
[Black "mvson33"]
[Result "1-0"]
[WhiteElo "2006"]
[BlackElo "1936"]

1. c4 Nf6 2. g3 d5 3. Bg2 c6 4. Nf3 Bg4 5. Ne5 Bh5 6. cxd5 cxd5 7. Nc3 e6 8.
Qa4+ Nbd7 9. g4 Nxg4 10. Nxg4 Be7 11. Ne5 a6 12. Nxd7 Qxd7 13. Qxd7+ Kxd7 14. d4
Rhc8 15. Bd2 Rc4 16. e3 Rac8 17. Bf1 R4c7 18. Rg1 Bf6 19. Be2 Bxe2 20. Kxe2 Rc4
21. b3 R4c7 22. Rgc1 b5 23. Nd1 Rxc1 24. Rxc1 Rxc1 25. Bxc1 Kc6 26. Ba3 a5 27.
Bc5 Kd7 28. Nc3 Kc6 29. e4 dxe4 30. Nxe4 Bd8 31. f4 Bc7 32. Kf3 Bb6 33. Bxb6
Kxb6 34. Ng5 Kc6 35. Nxf7 Kd5 36. Ke3 a4 37. Kd3 h6 38. h4 axb3 39. axb3 1-0

[Event "AUTO-MASTER-3292"]
[Site "http://www.queenalice.com/game.php?id=1867587"]
[Date "2026.1.7"]
[Round "1"]
[White "Mistakesrme"]
[Black "Guilherme_Ottoni"]
[Result "1/2-1/2"]
[WhiteElo "1997"]
[BlackElo "2224"]

1. c4 Nf6 2. g3 c6 3. Nf3 d5 4. Bg2 dxc4 5. O-O h6 6. Na3 b5 7. Ne5 Qd6 8. d4
cxd3 9. Nxd3 Nd5 10. e4 Nc7 11. Bf4 Qd7 12. Qc2 Nba6 13. Rfd1 Bb7 14. Nc5 Qc8
15. Nxb7 Qxb7 16. e5 Nb4 17. Qc3 e6 18. Nc2 Ncd5 19. Qb3 Bc5 20. Nxb4 Nxb4 21.
Rac1 Qb6 22. Rxc5 Qxc5 23. Rc1 Qe7 24. Be3 Nd5 25. Rxc6 a6 26. Bxd5 exd5 27.
Qxd5 Rd8 28. Rd6 Rxd6 29. exd6 Qd7 30. Qa8+ Qd8 31. Qe4+ Kd7 32. Bc5 Re8 33.
Qb7+ Ke6 34. Qe4+ Kd7 35. Qb7+ 1/2-1/2

[Event "AUTO-MASTER-3296"]
[Site "http://www.queenalice.com/game.php?id=1869266"]
[Date "2026.2.15"]
[Round "1"]
[White "cerenzo72"]
[Black "Mistakesrme"]
[Result "1-0"]
[WhiteElo "2144"]
[BlackElo "2078"]

1. c4 e6 2. Nf3 f5 3. g3 Nf6 4. Bg2 d6 5. d4 Be7 6. Nc3 O-O 7. O-O Ne4 8. Qd3
Nxc3 9. Qxc3 a5 10. a4 Bf6 11. Qd3 Nc6 12. Bd2 Kh8 13. Rab1 e5 14. dxe5 dxe5 15.
Qa3 Be6 16. Qe3 h6 17. Rbd1 Qe7 18. b3 Rad8 19. Bc3 e4 20. Nd2 Bxc3 21. Qxc3 Nb4
22. Qe5 Nc6 23. Qf4 g5 24. Qe3 Kh7 25. f3 exf3 26. exf3 Qf6 27. f4 Bc8 28. fxg5
hxg5 29. Ne4 Qg6 30. Nxg5+ Kg7 31. Bxc6 bxc6 32. Qe7+ 1-0

[Event "AUTO-MASTER-3296"]
[Site "http://www.queenalice.com/game.php?id=1869267"]
[Date "2026.2.15"]
[Round "1"]
[White "Mistakesrme"]
[Black "cerenzo72"]
[Result "1-0"]
[WhiteElo "2036"]
[BlackElo "2170"]

1. c4 g6 2. g3 Bg7 3. Bg2 Nf6 4. Nc3 O-O 5. Nf3 d5 6. cxd5 Nxd5 7. O-O Nc6 8. a3
e6 9. Qc2 e5 10. Nxd5 Qxd5 11. d3 Qe6 12. Be3 Bd7 13. Rac1 Rac8 14. b4 b6 15.
Ng5 Qf6 16. Bxc6 Be8 17. Bxe8 Rfxe8 18. Qc6 Qe7 19. Nf3 e4 20. dxe4 Qxe4 21.
Qxe4 Rxe4 22. Rc2 a5 23. Rfc1 axb4 24. axb4 Rxb4 25. Rxc7 Rxc7 26. Rxc7 b5 27.
Rc8+ 1-0

[Event "AUTO-MASTER-3296"]
[Site "http://www.queenalice.com/game.php?id=1869278"]
[Date "2026.2.15"]
[Round "1"]
[White "JailtonMaster"]
[Black "Mistakesrme"]
[Result "0-1"]
[WhiteElo "2212"]
[BlackElo "2057"]

1. d4 e6 2. c4 f5 3. Nc3 Nf6 4. Nf3 d6 5. e3 Be7 6. Bd3 O-O 7. O-O a5 8. b3 Nc6
9. Bb2 e5 10. dxe5 dxe5 11. Ng5 h6 12. Nh3 Qe8 13. Nd5 Be6 14. Nxc7 Qd7 15. Nxa8
Rxa8 16. f3 f4 17. exf4 Bxh3 18. gxh3 Qxh3 19. fxe5 Nh5 20. Rf2 Bc5 21. Qc2 Nf4
22. Bf1 Qxf3 23. Re1 Rf8 0-1

[Event "AUTO-MASTER-3296"]
[Site "http://www.queenalice.com/game.php?id=1869279"]
[Date "2026.2.15"]
[Round "1"]
[White "Mistakesrme"]
[Black "JailtonMaster"]
[Result "1/2-1/2"]
[WhiteElo "2076"]
[BlackElo "2123"]

1. c4 Nf6 2. g3 e6 3. Bg2 d5 4. Nf3 Be7 5. O-O O-O 6. b3 c5 7. Bb2 Nc6 8. e3 b6
9. Nc3 Bb7 10. cxd5 exd5 11. d4 a6 12. dxc5 bxc5 13. Na4 Rc8 14. Rc1 Ne4 15. Ne5
Nxe5 16. Bxe5 f6 17. Bb2 Bc6 18. Bxe4 dxe4 19. Qh5 Bxa4 20. bxa4 Qd2 21. Ba3
Qxa2 22. Ra1 Qf7 23. Qf5 Qc4 24. Rfc1 Qf7 25. Qxe4 Bd6 26. Qc4 Qxc4 27. Rxc4 Rc7
28. Rac1 1/2-1/2

[Event "AUTO-MASTER-3296"]
[Site "http://www.queenalice.com/game.php?id=1869284"]
[Date "2026.2.15"]
[Round "1"]
[White "Fauquinelle"]
[Black "Mistakesrme"]
[Result "0-1"]
[WhiteElo "2045"]
[BlackElo "2081"]

1. d4 e6 2. Nf3 f5 3. c4 Nf6 4. e3 Be7 5. Be2 O-O 6. a3 a5 7. O-O b6 8. Nc3 Bb7
9. h3 Ne4 10. Qc2 Nxc3 11. Qxc3 Bf6 12. Qb3 Qc8 13. d5 exd5 14. cxd5 d6 15. Bd2
Nd7 16. Bb5 Nc5 17. Qc4 Bxb2 18. Ra2 Bf6 19. a4 Ba6 20. Nd4 Bxb5 21. Qxb5 Bxd4
22. exd4 Ne4 23. Qc4 Qd7 24. Bf4 g5 25. Bh2 Kg7 26. f3 Nf6 27. Re1 Rae8 28. Rae2
Rxe2 29. Rxe2 Re8 30. Kf2 Rxe2+ 31. Kxe2 Qf7 32. Qc1 f4 33. Qc4 Nxd5 34. Kd2 Ne3
35. Qxf7+ Kxf7 36. g3 Nf1+ 0-1

[Event "AUTO-MASTER-3296"]
[Site "http://www.queenalice.com/game.php?id=1869285"]
[Date "2026.2.15"]
[Round "1"]
[White "Mistakesrme"]
[Black "Fauquinelle"]
[Result "1-0"]
[WhiteElo "2065"]
[BlackElo "2061"]

1. c4 Nf6 2. g3 c6 3. Bg2 d5 4. Nf3 Bf5 5. cxd5 cxd5 6. Qb3 b6 7. Nc3 e6 8. O-O
Be7 9. d3 Nbd7 10. Nd4 Nc5 11. Qb5+ Ncd7 12. Nc6 Qc7 13. Nxe7 Kxe7 14. Bg5 h6
15. Bxf6+ Nxf6 16. e4 dxe4 17. Nxe4 Ne8 18. Rac1 Qd8 19. Qb4+ Kd7 20. Nf6+ Nxf6
21. Bc6+ Kc8 22. Bxa8+ Kb8 23. Bg2 Nd5 24. Qd4 f6 25. Bxd5 Qxd5 26. Qxd5 exd5
27. Rcd1 Kc7 28. Rfe1 Kd7 29. Kg2 Re8 30. Rxe8 Kxe8 31. Kf3 d4 32. g4 Bh7 33.
Ke2 g5 34. Rc1 Bg8 35. Rc8+ 1-0

[Event "AUTO-MASTER-3300"]
[Site "http://www.queenalice.com/game.php?id=1871460"]
[Date "2026.4.5"]
[Round "1"]
[White "cerenzo72"]
[Black "Mistakesrme"]
[Result "1-0"]
[WhiteElo "2161"]
[BlackElo "2096"]

1. c4 e6 2. Nc3 f5 3. d4 Nf6 4. Nf3 Be7 5. Qc2 O-O 6. e4 fxe4 7. Nxe4 Nxe4 8.
Qxe4 d5 9. Qc2 Nc6 10. Bd3 Rxf3 11. gxf3 Nxd4 12. Bxh7+ Kh8 13. Qd3 Bb4+ 14. Bd2
dxc4 15. Qe4 Bxd2+ 16. Kxd2 Nxf3+ 17. Ke3 Ng5 18. Qh4 1-0

[Event "AUTO-MASTER-3300"]
[Site "http://www.queenalice.com/game.php?id=1871461"]
[Date "2026.4.5"]
[Round "1"]
[White "Mistakesrme"]
[Black "cerenzo72"]
[Result "0-1"]
[WhiteElo "2095"]
[BlackElo "2163"]

1. c4 Nf6 2. g3 e6 3. Bg2 d5 4. Nf3 Be7 5. O-O O-O 6. b3 c5 7. Bb2 d4 8. e3 d3
9. Ne5 Qd6 10. f4 Nfd7 11. Nc3 Nxe5 12. Ne4 Qc7 13. Bxe5 Qd8 14. g4 Nc6 15. Bc3
f6 16. Nf2 f5 17. g5 a5 18. Qb1 Nb4 19. a3 Nc2 20. Ra2 Rb8 21. Be5 Bd6 22. Nxd3
Bxe5 23. Nxe5 Qxd2 24. Rxc2 Qxe3+ 25. Kh1 b5 26. Rf3 Qe4 27. Rff2 Qd4 28. Rcd2
Qe3 29. Rd3 Qxf2 30. Rf3 Qd2 31. cxb5 Bb7 0-1